[Event "Trevis San Miguel op 26th"]
[Site "Trevis"]
[Date "2020.09.20"]
[Round "3"]
[White "Martin Fernandez, Ismael"]
[Black "Ordiz Fernandez, Roque"]
[Result "0-1"]
[WhiteElo "1009"]
[BlackElo "1148"]
[PlyCount "120"]
[EventDate "2020.09.19"]
[EventType "swiss"]
[EventRounds "3"]
[EventCountry "ESP"]
[SourceTitle "EXT 2024"]
[Source "ChessBase"]
[SourceDate "2023.10.10"]
[SourceVersion "1"]
[SourceVersionDate "2023.10.10"]
[SourceQuality "1"]

1. d4 Nf6 2. Bf4 g6 3. Nf3 Bg7 4. e3 0-0 5. Bd3 d6 6. h3 Nbd7 7. c3 Re8 8. 0-0 c6 9. Nbd2 Qb6 10. Qb3 Qxb3 11. axb3 e5 12. dxe5 dxe5 13. Bg5 e4 14. Bc4 exf3 15. Nxf3 Ne5 16. Nxe5 Rxe5 17. Bf4 Re8 18. b4 Be6 19. Bd3 Red8 20. Rfd1 a6 21. e4 Nh5 22. Bg5 Bf6 23. Be3 Bb3 24. Rd2 Be6 25. Kf1 Be5 26. Kg1 Bf4 27. Re1 Bxe3 28. Rxe3 Nf4 29. Rf3 Nxd3 30. Rfxd3 Rxd3 31. Rxd3 Kf8 32. f3 Ke7 33. Kf2 Rd8 34. Rxd8 Kxd8 35. Ke3 Kc7 36. f4 b6 37. Kd4 Kd6 38. e5+ Kc7 39. h4 h6 40. g3 Bf5 41. Kc4 Be6+ 42. Kd4 Kb7 43. Ke3 c5 44. Ke4 cxb4 45. cxb4 Kc6 46. Kd4 Kb5 47. Kc3 h5 48. b3 Bf5 49. Kd4 Kxb4 50. Kd5 Kxb3 51. Kd6 a5 52. Ke7 Be6 53. g4 hxg4 54. h5 gxh5 55. f5 g3 56. fxe6 fxe6 57. Kxe6 g2 58. Kd6 g1Q 59. e6 h4 60. e7 Qc5+ 0-1